Largest city in every country by area - Statistics

General Stats
  • This quiz has been taken 18 times
  • The average score is 84 of 194
Answer Stats
Country Answer % Correct
Afghanistan Kabul
85%
Algeria Algiers
77%
Andorra Andorra La Vella
77%
Angola Luanda
77%
Albania Tirana
77%
Argentina Buenos Aires
69%
India New Delhi
69%
Madagascar Antananarivo
62%
Azerbaijan Baku
62%
Germany Berlin
62%
Belgium Brussels
62%
Hungary Budapest
62%
Bangladesh Dhaka
62%
Malawi Lilongwe
62%
Luxembourg Luxembourg City
62%
Belarus Minsk
62%
Czechia Prague
62%
Fiji Suva
62%
Bhutan Thimphu
62%
Austria Vienna
62%
Armenia Yerevan
62%
Ethiopia Addis Ababa
54%
Jordan Amman
54%
Eritrea Asmara
54%
Paraguay Asunción
54%
Greece Athens
54%
New Zealand Auckland
54%
Mali Bamako
54%
Brunei Bandar Seri Begawan
54%
Central African Republic Bangui
54%
Lebanon Beirut
54%
Kyrgyzstan Bishkek
54%
Guinea-Bissau Bissau
54%
Colombia Bogotá
54%
Congo (Rep.) Brazzaville
54%
Australia Brisbane
54%
Egypt Cairo
54%
Moldova Chişinău
54%
Guinea Conakry
54%
Denmark Copenhagen
54%
Ireland Dublin
54%
Botswana Gaborone
54%
Guyana Georgetown
54%
Guatemala Guatemala City
54%
Cuba Havana
54%
Nepal Kathmandu
54%
Jamaica Kingston
54%
St Vincent and the Grenadines Kingstown
54%
Congo (D.R.) Kinshasa
54%
Malaysia Kuala Lumpur
54%
Kuwait Kuwait City
54%
Marshall Islands Majuro
54%
Nicaragua Managua
54%
Bahrain Manama
54%
Mozambique Maputo
54%
Mexico Mexico City
54%
Monaco Monaco
54%
Liberia Monrovia
54%
Comoros Moroni
54%
Oman Muscat
54%
Kenya Nairobi
54%
Bahamas Nassau
54%
Chad N'Djamena
54%
Niger Niamey
54%
Cyprus Nicosia
54%
Mauritania Nouakchott
54%
Burkina Faso Ouagadougou
54%
Cambodia Phnom Penh
54%
Haiti Port-Au-Prince
54%
Iceland Reykjavík
54%
Latvia Riga
54%
Italy Rome
54%
Costa Rica San José
54%
El Salvador San Salvador
54%
Chile Santiago
54%
Dominican Republic Santo Domingo
54%
Bosnia and Herzegovina Sarajevo
54%
Bulgaria Sofia
54%
Antigua and Barbuda St Johns
54%
Estonia Tallinn
54%
Georgia Tbilisi
54%
Honduras Tegucigalpa
54%
Iran Tehran
54%
Libya Tripoli
54%
Mongolia Ulaanbaatar
54%
Malta Valletta
54%
Vatican City Vatican City
54%
Seychelles Victoria
54%
Laos Vientiane
54%
Lithuania Vilnius
54%
Namibia Windhoek
54%
Cote d'Ivoire Abidjan
46%
Ghana Accra
46%
Iraq Baghdad
46%
Serbia Belgrade
46%
Belize Belize City
46%
Barbados Bridgetown
46%
Benin Cotonou
46%
Morocco Fes
46%
Israel Jerusalem
46%
Pakistan Karachi
46%
Ukraine Kyiv
46%
Gabon Libreville
46%
Zambia Lusaka
46%
Maldives Malé
46%
France Marseille
46%
Russia Moscow
46%
Norway Oslo
46%
Panama Panama City
46%
Montenegro Podgorica
46%
Mauritius Port Louis
46%
Papua New Guinea Port Moresby
46%
Vanuatu Port Vila
46%
Cape Verde Praia
46%
North Korea Pyongyang
46%
Dominica Roseau
46%
Netherlands Rotterdam
46%
North Macedonia Skopje
46%
Kiribati South Tarawa
46%
Myanmar Yangon
46%
United Arab Emirates Abu Dhabi
38%
Kazakhstan Almaty
38%
Samoa Apia
38%
Thailand Bangkok
38%
Slovakia Bratislava
38%
Romania Bucharest
38%
Venezuela Caracas
38%
China Chongqing
38%
Syria Damascus
38%
Timor-Leste Dili
38%
Tajikistan Dushanbe
38%
Sierra Leone Freetown
38%
Tuvalu Funafuti
38%
Ecuador Guayaquil
38%
Zimbabwe Harare
38%
Soloman Islands Honiara
38%
Uganda Kampala
38%
Sudan Khartoum
38%
Peru Lima
38%
Togo Lomé
38%
United Kingdom London
38%
Lesotho Maseru
38%
Eswatini Mbabane
38%
Uruguay Montevideo
38%
Suriname Paramaribo
38%
Yemen Sanaa
38%
South Korea Seoul
38%
Grenada St George's
38%
Sweden Stockholm
38%
Uzbekistan Tashkent
38%
Tunisia Tunis
38%
Switzerland Zurich
38%
Turkmenistan Ashgabat
31%
St Kitts and Nevis Basseterre
31%
St Lucia Castries
31%
Senegal Dakar
31%
Tanzania Dar es Salaam
31%
Qatar Doha
31%
South Sudan Juba
31%
Portugal Lisbon
31%
Slovenia Ljubljana
31%
Brazil Manaus
31%
Saudi Arabia Riyadh
31%
San Marino San Marino
31%
Sao Tome and Principe São Tomé
31%
Liechtenstein Schaan
31%
Singapore Singapore
31%
Sri Lanka Colombo
23%
Cameroon Douala
23%
South Africa Johannesburg
23%
Rwanda Kigali
23%
Palau Koror
23%
Somalia Mogadishu
23%
Tonga Nuku'alofa
23%
Burundi Bujumbura
15%
Djibouti Djibouti City
15%
Poland Gdańsk
15%
United States of America Sitka
15%
Vietnam Da Nang
8%
Croatia Gospić
8%
Nigeria Ibadan
8%
Finland Rovaniemi
8%
Equatorial Guinea Bata
0%
Spain Cáceres
0%
Trinidad and Tobago Chaguanas
0%
Phillipines Davao City
0%
Nauru Denigomodu
0%
Turkey Konya
0%
Canada La Tuque
0%
Indonesia Palangka Raya
0%
Bolivia Santa Cruz de la Sierra
0%
Gambia Serekunda
0%
Japan Takayama
0%
Micronesia Weno
0%
No matching quizzes found
Score Distribution
Percent of People with Each Score
Percentile by Number Answered
Your Score History
You have not taken this quiz